FUNDAMENTAL OF ANALYTICAL CHEMISTRY (Record no. 8943)

MARC details
000 -LEADER
fixed length control field 00513nam a22001817a 4500
005 - DATE AND TIME OF LATEST TRANSACTION
control field 20251127114603.0
008 - FIXED-LENGTH DATA ELEMENTS--GENERAL INFORMATION
fixed length control field 251121b |||||||| |||| 00| 0 eng d
020 ## - INTERNATIONAL STANDARD BOOK NUMBER
ISBN 978-81-932450-3-3
041 ## - LANGUAGE CODE
Language code of text/sound track or separate title eng
082 ## - DEWEY DECIMAL CLASSIFICATION NUMBER
Classification number 543 SRI-F
100 ## - MAIN ENTRY--AUTHOR NAME
Personal name SRIVASTAVA, DR. B.B.L AND MISHRA, DR. AMARNATH
245 ## - TITLE STATEMENT
Title FUNDAMENTAL OF ANALYTICAL CHEMISTRY
250 ## - EDITION STATEMENT
Edition statement RE.PRINT ED. 2025
260 ## - PUBLICATION, DISTRIBUTION, ETC. (IMPRINT)
Place of publication NEW DELHI
Name of publisher INNOVATIVE PUBLICATIONS PVT.LTD
Year of publication 2025
300 ## - PHYSICAL DESCRIPTION
Number of Pages 106;P
650 ## - SUBJECT ADDED ENTRY--TOPICAL TERM
Topical Term PHARMACY
General subdivision B.PHARMA
942 ## - ADDED ENTRY ELEMENTS (KOHA)
Koha item type Books
Holdings
Lost status Damaged status Collection code Home library Current library Date acquired Source of acquisition Cost, normal purchase price Full call number Accession Number Koha item type
    PHARMACY JRU Library JRU Library 14/11/2025 PURCHASE 325.00 543 29053 Books